000 00820cam a22002537a 4500
001 13441992
005 20180116083948.0
008 031222s2004 nyua 001 0 eng d
010 _a 2003116891
020 _a0789310759
035 _a(OCoLC)ocm55696163
040 _aOCO
_cOCO
_dSPP
_dOMP
_dOCLCQ
_dBUR
_dOCL
_dBAKER
_dDLC
041 _aeng
042 _alccopycat
080 _a641.86 BRU
082 0 4 _a641.86 BRU
_222
100 1 _a10
101 _aNUT
245 1 0 _aSweet Serendipity :
_cStephen Bruce with Brett Bara ; photos by Liz Steger.
906 _a7
_bcbc
_ccopycat
_d2
_eepcn
_f20
_gy-gencatlg
942 _2ddc
_cBK
999 _c40379
_d40379